000 00612nam a22002177a 4500
005 20160822154730.0
008 160822b xxu||||| |||| 00| 0 eng d
020 _a9788189059675
_c395.00
040 _aLoreto College
041 _aEnglish
082 _a323
_bAMB
100 _aAmbedkar,B.R.
245 _aAnnihilation of caste
_bThe annotated critical edition
_cB.R.Ambedkar;edited and annotated by S.Anand
260 _aNew Delhi
_bNavayana Publishing
_c2015
300 _a415p
_b22cm
504 _aIncludes index
650 _aHuman rights
700 _4ed.
_aAnand,S.
850 _aLCLIB
942 _cBK
999 _c40760
_d91239